[Event "Scarborough Major 47th"]
[Site "Scarborough"]
[Date "2024.10.25"]
[Round "1.9"]
[White "McCarthy, Damian"]
[Black "Williams, David"]
[Result "1/2-1/2"]
[WhiteElo "1884"]
[BlackElo "1870"]
[PlyCount "64"]
[EventDate "2024.10.25"]
[EventType "swiss"]
[EventRounds "5"]
[EventCountry "ENG"]
[SourceTitle "BritBase"]
[Source "John Saunders"]
[SourceDate "2024.12.27"]
[SourceVersion "1"]
[SourceVersionDate "2024.12.27"]
[SourceQuality "1"]

1. e4 g6 2. d4 c6 3. Nc3 d5 4. e5 Bg7 5. f4 h5 6. Be3 Nh6 7. h3 Bf5 8. Qd2 e6 9. Be2 h4 10. Nf3 Bf8 11. Bf2 Be7 12. O-O-O b5 13. Kb1 Nd7 14. Rc1 Nb6 15. Nd1 Be4 16. Ne3 Nc4 17. Nxc4 bxc4 18. Ka1 Nf5 19. Rhg1 Qb6 20. c3 Rb8 21. Ng5 Bxg5 22. fxg5 Ke7 23. Bf3 Bxf3 24. gxf3 a5 25. Rb1 a4 26. Qc2 Qa5 27. Rg4 Rb7 28. a3 Rb3 29. Ka2 Qc7 30. Qd2 c5 31. f4 cxd4 32. Bxd4 Nxd4 1/2-1/2

[Event "Scarborough Major 47th"]
[Site "Scarborough"]
[Date "2024.10.25"]
[Round "1.10"]
[White "Layhe, Simon"]
[Black "Horrocks, Steve J"]
[Result "1-0"]
[WhiteElo "1867"]
[BlackElo "1929"]
[PlyCount "109"]
[EventDate "2024.10.25"]
[EventType "swiss"]
[EventRounds "5"]
[EventCountry "ENG"]
[SourceTitle "BritBase"]
[Source "John Saunders"]
[SourceDate "2024.12.27"]
[SourceVersion "1"]
[SourceVersionDate "2024.12.27"]
[SourceQuality "1"]

1. d4 c5 2. d5 b5 3. e4 Qb6 4. Be3 d6 5. Nd2 g6 6. a4 b4 7. Nc4 Qc7 8. h3 Bg7 9. Nf3 Ba6 10. Nfd2 Nd7 11. Ra2 Ngf6 12. Bd3 O-O 13. O-O Bxc4 14. Nxc4 Nb6 15. Na5 c4 16. Bxb6 axb6 17. Nxc4 b5 18. Nd2 bxa4 19. Qe2 Nd7 20. Nb1 Rfc8 21. c3 bxc3 22. bxc3 Qa5 23. Bb5 Nc5 24. c4 Qb4 25. Na3 Qc3 26. Bc6 Ra5 27. Nb5 Qd3 28. Qxd3 Nxd3 29. Rb1 Rb8 30. Ra3 Nb2 31. Rc1 Bh6 32. Rc2 Bg7 33. Kf1 h5 34. h4 Kh7 35. Ke2 Kh6 36. f4 f5 37. e5 Nxc4 38. Rxc4 dxe5 39. Rb4 exf4 40. Raxa4 Rxa4 41. Rxa4 g5 42. hxg5+ Kxg5 43. Kf3 Be5 44. Ra8 Rb6 45. Rf8 Ra6 46. Bd7 Bf6 47. Rg8+ Kh6 48. Bxf5 h4 49. Kxf4 Ra4+ 50. Be4 Rb4 51. Nc7 Bb2 52. Ne6 Bc1+ 53. Kf5 Bb2 54. Ng5 Bf6 55. Rg6+ 1-0

[Event "Scarborough Major 47th"]
[Site "Scarborough"]
[Date "2024.10.25"]
[Round "1.11"]
[White "Jaszkiwskyj, Peter"]
[Black "Bromilow, Edward T"]
[Result "1-0"]
[WhiteElo "1855"]
[BlackElo "1866"]
[PlyCount "79"]
[EventDate "2024.10.25"]
[EventType "swiss"]
[EventRounds "5"]
[EventCountry "ENG"]
[SourceTitle "BritBase"]
[Source "John Saunders"]
[SourceDate "2024.12.27"]
[SourceVersion "1"]
[SourceVersionDate "2024.12.27"]
[SourceQuality "1"]

1. d4 d5 2. c4 e6 3. Nc3 Nf6 4. Bg5 dxc4 5. e3 c5 6. Nf3 a6 7. a4 Nc6 8. Ne5 Nxe5 9. dxe5 Qxd1+ 10. Rxd1 Nd7 11. Bxc4 h6 12. Bh4 b6 13. O-O Bb7 14. f4 g6 15. Rd2 Ra7 16. Rfd1 Bc6 17. Be2 g5 18. Bg3 Be7 19. Bf3 Bxf3 20. gxf3 f5 21. exf6 Nxf6 22. fxg5 hxg5 23. Be5 Rg8 24. Bxf6 Bxf6 25. Rd6 Kf7 26. Rxb6 Be5 27. Ne4 c4 28. Nd6+ Bxd6 29. Rdxd6 Rg6 30. Rxa6 Rb7 31. Rab6 Ra7 32. Rb4 Rc7 33. a5 c3 34. bxc3 Rxc3 35. Kf2 Rc2+ 36. Kg3 Ra2 37. Rb7+ Kf6 38. a6 Rh6 39. Rxe6+ Kxe6 40. Rb6+ 1-0

[Event "Scarborough Major 47th"]
[Site "Scarborough"]
[Date "2024.10.25"]
[Round "1.12"]
[White "Waddell, Mal"]
[Black "Mckiernan, James"]
[Result "1-0"]
[WhiteElo "1859"]
[BlackElo "1821"]
[PlyCount "64"]
[EventDate "2024.10.25"]
[EventType "swiss"]
[EventRounds "5"]
[EventCountry "ENG"]
[SourceTitle "BritBase"]
[Source "John Saunders"]
[SourceDate "2024.12.27"]
[SourceVersion "1"]
[SourceVersionDate "2024.12.27"]
[SourceQuality "1"]

1. d4 Nf6 2. c4 g6 3. Nc3 Bg7 4. e4 d6 5. Bd3 Nc6 6. Nge2 e5 7. d5 Ne7 8. f3 h5 9. Bg5 Nh7 10. Bh4 g5 11. Bf2 Ng6 12. Qd2 h4 13. g3 Bh3 14. Rg1 Qf6 15. Nb5 Kd8 16. Qa5 b6 17. Qa6 Bc8 18. Qa3 Qxf3 19. Bxb6 axb6 20. Qxa8 Qxd3 21. Qc6 Bd7 22. Qxc7+ Ke7 23. Nxd6 Nf6 24. Rf1 Ra8 25. Nf5+ Kf8 26. Qd6+ Kg8 27. Rd1 Qxc4 28. Nxg7 Nxe4 29. Qxd7 Qb4+ 30. Nc3 Nxc3 31. Qxf7+ Kh8 32. Nf5 Nxd1+ {Both players had stopped recording} 1-0

[Event "Scarborough Major 47th"]
[Site "Scarborough"]
[Date "2024.10.25"]
[Round "1.13"]
[White "Quaite, Toby"]
[Black "Pugh, Glyn D"]
[Result "1-0"]
[WhiteElo "1760"]
[BlackElo "1846"]
[PlyCount "59"]
[EventDate "2024.10.25"]
[EventType "swiss"]
[EventRounds "5"]
[EventCountry "ENG"]
[SourceTitle "BritBase"]
[Source "John Saunders"]
[SourceDate "2024.12.27"]
[SourceVersion "1"]
[SourceVersionDate "2024.12.27"]
[SourceQuality "1"]

1. Nf3 d5 2. g3 Nf6 3. Bg2 c5 4. O-O Nc6 5. d4 e6 6. a3 Bd7 7. dxc5 Bxc5 8. b4 Bd6 9. Bb2 Qc7 10. Nbd2 Ne5 11. Nxe5 Bxe5 12. Bxe5 Qxe5 13. e4 O-O 14. exd5 Nxd5 15. Re1 Qc7 16. c4 Nf6 17. Ne4 Nxe4 18. Bxe4 f5 19. Bg2 f4 20. c5 fxg3 21. hxg3 Rad8 22. Qe2 Rf6 23. Rad1 Ba4 24. Rxd8+ Qxd8 25. Bxb7 h5 26. Qxh5 Qd4 27. Qe2 Bb5 28. Qe3 Qg4 29. Bg2 Qf5 30. c6 1-0

[Event "Scarborough Major 47th"]
[Site "Scarborough"]
[Date "2024.10.25"]
[Round "1.14"]
[White "Wheeler, James M"]
[Black "Seery, Philip T"]
[Result "1-0"]
[WhiteElo "1852"]
[BlackElo "1932"]
[PlyCount "67"]
[EventDate "2024.10.25"]
[EventType "swiss"]
[EventRounds "5"]
[EventCountry "ENG"]
[SourceTitle "BritBase"]
[Source "John Saunders"]
[SourceDate "2024.12.27"]
[SourceVersion "1"]
[SourceVersionDate "2024.12.27"]
[SourceQuality "1"]

1. e4 c5 2. a3 e6 3. b4 cxb4 4. axb4 Bxb4 5. Bb2 Nf6 6. e5 Nd5 7. c4 Nb6 8. Qg4 O-O 9. Bd3 Nc6 10. h4 Be7 11. Qe4 g6 12. h5 Nb4 13. hxg6 Nxd3+ 14. Qxd3 fxg6 15. Na3 Na4 16. Bd4 Nc5 17. Qe3 b6 18. Nb5 Bg5 19. Qh3 Qe7 20. Ra3 Bb7 21. Nd6 Bc6 22. Bxc5 bxc5 23. Rg3 h5 24. Nf3 Bxf3 25. gxf3 Rab8 26. Ke2 Rb2 27. Ne4 Rf5 28. Rhg1 Rxe5 29. Rxg5 Rxg5 30. Rxg5 Kh7 31. Qg3 Qg7 32. Rxc5 Qd4 33. Qf4 e5 34. Qf8 1-0

[Event "Scarborough Major 47th"]
[Site "Scarborough"]
[Date "2024.10.25"]
[Round "1.15"]
[White "Bradey, Joseph E"]
[Black "Holliday, John K"]
[Result "1-0"]
[WhiteElo "1924"]
[BlackElo "1825"]
[PlyCount "49"]
[EventDate "2024.10.25"]
[EventType "swiss"]
[EventRounds "5"]
[EventCountry "ENG"]
[SourceTitle "BritBase"]
[Source "John Saunders"]
[SourceDate "2024.12.27"]
[SourceVersion "1"]
[SourceVersionDate "2024.12.27"]
[SourceQuality "1"]

1. e4 c5 2. Nf3 e6 3. c3 Nc6 4. d4 cxd4 5. cxd4 Bb4+ 6. Nc3 Qb6 7. d5 exd5 8. exd5 Nce7 9. Be3 Bc5 10. Bxc5 Qxc5 11. d6 Nf5 12. Qe2+ Kf8 13. O-O-O Nf6 14. g4 Nxd6 15. Kb1 Nxg4 16. Rd5 Qxf2 17. Rxd6 Qxe2 18. Bxe2 b6 19. h3 Nf6 20. Rhd1 Bb7 21. Ne5 Ke7 22. Bc4 Rhf8 23. Rxd7+ Nxd7 24. Rxd7+ Kf6 25. Ng4+ 1-0

[Event "Scarborough Major 47th"]
[Site "Scarborough"]
[Date "2024.10.25"]
[Round "1.16"]
[White "Revell, Jeremy"]
[Black "Mozaffari, Mohammad H"]
[Result "1/2-1/2"]
[WhiteElo "1781"]
[BlackElo "1934"]
[PlyCount "179"]
[EventDate "2024.10.25"]
[EventType "swiss"]
[EventRounds "5"]
[EventCountry "ENG"]
[SourceTitle "BritBase"]
[Source "John Saunders"]
[SourceDate "2024.12.27"]
[SourceVersion "1"]
[SourceVersionDate "2024.12.27"]
[SourceQuality "1"]

1. c4 g6 2. g3 Bg7 3. Bg2 Nf6 4. Nc3 d6 5. d4 O-O 6. h3 c5 7. e3 Nc6 8. Nge2 Re8 9. dxc5 dxc5 10. O-O Bd7 11. b3 Rc8 12. Qd2 Qa5 13. Na4 Qxd2 14. Bxd2 b6 15. Rac1 Red8 16. Rfd1 Ne5 17. Bc3 Ne8 18. Nb2 Bc6 19. Bxc6 Nxc6 20. Bxg7 Kxg7 21. Nc3 Nd6 22. Rd2 Nb7 23. Rcd1 f5 24. Nd3 Kf7 25. Nf4 Rxd2 26. Rxd2 Rd8 27. Rxd8 Nbxd8 28. Nd3 Nb7 29. f4 Nd6 30. Kg2 Ke8 31. Kf3 Kd7 32. g4 e6 33. h4 Ke7 34. g5 Nf7 35. Ne2 e5 36. fxe5 Nfxe5+ 37. Nxe5 Nxe5+ 38. Kg3 Nd3 39. Nf4 Nb4 40. h5 Kf7 41. hxg6+ hxg6 42. a4 Nc2 43. Nd5 Na1 44. b4 Nb3 45. bxc5 Nxc5 46. Nc3 Ke6 47. Kf3 Nd3 48. Nb5 Ne5+ 49. Kf4 Nxc4 50. Nxa7 Nb2 51. e4 fxe4 52. Kxe4 Nxa4 53. Nc6 Nc5+ 54. Kf4 Nd3+ 55. Ke4 Nf2+ 56. Kf4 Kd6 57. Nd4 Kc5 58. Ne6+ Kc4 59. Nf8 b5 60. Nxg6 Nh3+ 61. Ke3 Nxg5 62. Kd2 Kb3 63. Kc1 Ne4 64. Nf4 Ka2 65. Nd5 Kb3 66. Ne3 Kc3 67. Nd1+ Kb3 68. Ne3 Nf2 69. Nd5 Kc4 70. Ne3+ Kd3 71. Nd5 Ne4 72. Nb4+ Kc3 73. Nd5+ Kd4 74. Nb4 Nd6 75. Nc2+ Kc3 76. Ne3 Nc4 77. Nd5+ Kd4 78. Nf4 b4 79. Ne2+ Ke3 80. Ng3 Kd3 81. Nf5 b3 82. Ng3 Kc3 83. Ne4+ Kb4 84. Kb1 Ka3 85. Ka1 Nb6 86. Nd2 b2+ 87. Kb1 Na4 88. Nc4+ Kb3 89. Nxb2 Nc3+ 90. Kc1 1/2-1/2

[Event "Scarborough Major 47th"]
[Site "Scarborough"]
[Date "2024.10.25"]
[Round "1.17"]
[White "Trevelyan, Andy J"]
[Black "Graham, Oliver"]
[Result "0-1"]
[WhiteElo "1817"]
[BlackElo "1818"]
[PlyCount "110"]
[EventDate "2024.10.25"]
[EventType "swiss"]
[EventRounds "5"]
[EventCountry "ENG"]
[SourceTitle "BritBase"]
[Source "John Saunders"]
[SourceDate "2024.12.27"]
[SourceVersion "1"]
[SourceVersionDate "2024.12.27"]
[SourceQuality "1"]

1. Nf3 d5 2. c4 d4 3. d3 Nc6 4. g3 Nf6 5. Bg2 e5 6. O-O h6 7. a3 a5 8. b3 Bc5 9. Nbd2 Bf5 10. Nh4 Bh7 11. Ne4 Nxe4 12. dxe4 Qd7 13. Qd3 O-O 14. Kh1 Be7 15. Nf5 Bxf5 16. exf5 Rab8 17. g4 Bf6 18. Bd2 Ra8 19. Rg1 Qe7 20. Bd5 Ra7 21. Rg2 Re8 22. Qe4 Nd8 23. c5 c6 24. Bc4 Bg5 25. f4 exf4 26. Qxe7 Rxe7 27. Rf1 b6 28. cxb6 Ra8 29. b4 axb4 30. Bxb4 Rd7 31. Rb1 Nb7 32. Rb3 Bd8 33. Bd2 Nc5 34. Rb1 Rb7 35. Bxf4 Rxa3 36. Bd6 Rc3 37. Ba2 Rxb6 38. Rd1 Bf6 39. h4 Rh3+ 40. Kg1 Ne4 41. Bc7 Rb7 42. Bf4 Rxh4 43. Rc1 Nc3 44. Bc4 Rb2 45. Kf2 Ne4+ 46. Kf3 Ng5+ 47. Kf2 Rh3 48. Bd3 Rxd3 49. Rxc6 Ne4+ 50. Kg1 Rd1+ 51. Kh2 Rbb1 52. Kh3 Rh1+ 53. Bh2 Be5 54. Rc8+ Kh7 55. Re8 Ng5+ 0-1

[Event "Scarborough Major 47th"]
[Site "Scarborough"]
[Date "2024.10.25"]
[Round "1.18"]
[White "Hill, Maurice J"]
[Black "Keely, Leo A"]
[Result "0-1"]
[WhiteElo "1818"]
[BlackElo "1922"]
[PlyCount "82"]
[EventDate "2024.10.25"]
[EventType "swiss"]
[EventRounds "5"]
[EventCountry "ENG"]
[SourceTitle "BritBase"]
[Source "John Saunders"]
[SourceDate "2024.12.27"]
[SourceVersion "1"]
[SourceVersionDate "2024.12.27"]
[SourceQuality "1"]

1. g3 g6 2. Bg2 Bg7 3. c4 Nf6 4. Nc3 c6 5. e4 d6 6. Nge2 e5 7. O-O O-O 8. d3 Nh5 9. Be3 f5 10. exf5 gxf5 11. f4 Nd7 12. Qd2 Rf7 13. a3 Ndf6 14. fxe5 dxe5 15. d4 e4 16. Rad1 Ng4 17. Bg5 Qe8 18. Nf4 e3 19. Qe2 Nxf4 20. Bxf4 Nf2 21. Rxf2 exf2+ 22. Qxf2 Bd7 23. c5 Kh8 24. Qd2 Be6 25. Re1 Qd7 26. Bd6 f4 27. gxf4 Bh3 28. Bf3 Re8 29. Rxe8+ Qxe8 30. Bh5 Qg8 31. Kh1 Rf5 32. Bf3 Qc4 33. Ne2 Qe6 34. Ng3 Rf7 35. d5 Qc8 36. dxc6 bxc6 37. Ne4 Rb7 38. b4 a5 39. Ng5 Bf5 40. Qa2 Qe8 41. Qd2 h6 0-1

[Event "Scarborough Major 47th"]
[Site "Scarborough"]
[Date "2024.10.25"]
[Round "1.19"]
[White "Turner, George"]
[Black "Griffin-Young, Sebastian"]
[Result "0-1"]
[WhiteElo "1924"]
[BlackElo "1658"]
[PlyCount "86"]
[EventDate "2024.10.25"]
[EventType "swiss"]
[EventRounds "5"]
[EventCountry "ENG"]
[SourceTitle "BritBase"]
[Source "John Saunders"]
[SourceDate "2024.12.27"]
[SourceVersion "1"]
[SourceVersionDate "2024.12.27"]
[SourceQuality "1"]

1. e4 c5 2. Nf3 d6 3. d4 cxd4 4. Nxd4 Nf6 5. Nc3 g6 6. Be3 Bg7 7. f3 O-O 8. Qd2 Nc6 9. O-O-O Nxd4 10. Bxd4 Be6 11. Kb1 a6 12. g4 b5 13. Nd5 Bxd5 14. exd5 Qc7 15. h4 Rac8 16. Rh2 e6 17. h5 Nxd5 18. Bxg7 Kxg7 19. hxg6 fxg6 20. Qh6+ Kg8 21. Bd3 Qg7 22. Rdh1 Qxh6 23. Rxh6 Rc7 24. a4 Nf4 25. axb5 Nxd3 26. b6 Nf2 27. bxc7 Nxh1 28. Rxh1 Rc8 29. Rd1 d5 30. c4 Rxc7 31. cxd5 Rd7 32. d6 Kf7 33. Kc2 e5 34. Kb3 Ke6 35. Ka4 Rxd6 36. Rxd6+ Kxd6 37. Ka5 h5 38. gxh5 gxh5 39. Kxa6 h4 40. b4 h3 41. b5 h2 42. b6 h1=Q 43. b7 Kc7 0-1

[Event "Scarborough Major 47th"]
[Site "Scarborough"]
[Date "2024.10.25"]
[Round "1.20"]
[White "Awesome, John Aanuoluwapo"]
[Black "Best, Francis P"]
[Result "1-0"]
[WhiteElo "1697"]
[BlackElo "1716"]
[PlyCount "97"]
[EventDate "2024.10.25"]
[EventType "swiss"]
[EventRounds "5"]
[EventCountry "ENG"]
[SourceTitle "BritBase"]
[Source "John Saunders"]
[SourceDate "2024.12.27"]
[SourceVersion "1"]
[SourceVersionDate "2024.12.27"]
[SourceQuality "1"]

1. e4 d5 2. exd5 Qxd5 3. Nc3 Qd6 4. d4 Nf6 5. Nf3 c6 6. h3 Bf5 7. Bc4 e6 8. Ne5 Nbd7 9. Bf4 Qb4 10. Bb3 Nxe5 11. Bxe5 Ne4 12. Qf3 Nxc3 13. bxc3 Qa5 14. O-O Be7 15. Bxg7 Rg8 16. Be5 O-O-O 17. Rfe1 Bd6 18. Rab1 Qc7 19. Re3 Bxe5 20. Rxe5 Rd6 21. Rbe1 Qd8 22. Kf1 Bg6 23. Qf4 Qc7 24. Qf6 Qd8 25. Qf4 Qc7 26. a4 a6 27. f3 Qd8 28. Kf2 Qc7 29. g3 h5 30. R1e3 Kb8 31. Qf6 Qd8 32. Qf4 Qc7 33. h4 Qd8 34. Rc5 Ka7 35. Re2 Re8 36. Qe3 Rg8 37. d5 Ka8 38. dxc6 Rxc6 39. Rxc6 bxc6 40. Qc5 Qc7 41. f4 Rd8 42. Bc4 Qa7 43. Qxa7+ Kxa7 44. f5 Bxf5 45. Ke3 Rd1 46. Rd2 Rxd2 47. Kxd2 Be4 48. Be2 Bg6 49. c4 {Both players had stopped recording their moves} 1-0

[Event "Scarborough Major 47th"]
[Site "Scarborough"]
[Date "2024.10.25"]
[Round "1.21"]
[White "De Sousa Muachikape, Jael J"]
[Black "Berkley, Stephen W"]
[Result "1-0"]
[WhiteElo "1865"]
[BlackElo "1755"]
[PlyCount "53"]
[EventDate "2024.10.25"]
[EventType "swiss"]
[EventRounds "5"]
[EventCountry "ENG"]
[SourceTitle "BritBase"]
[Source "John Saunders"]
[SourceDate "2024.12.27"]
[SourceVersion "1"]
[SourceVersionDate "2024.12.27"]
[SourceQuality "1"]

1. d4 e6 2. c4 Bb4+ 3. Nd2 Nf6 4. Ngf3 O-O 5. g3 d5 6. Bg2 c6 7. O-O Nbd7 8. Qc2 Bd6 9. e4 dxe4 10. Nxe4 Nxe4 11. Qxe4 Nf6 12. Qd3 h6 13. b3 b6 14. Bb2 Bb7 15. c5 bxc5 16. dxc5 Bxc5 17. Qc4 Be7 18. Ne5 Rc8 19. Bxc6 Qb6 20. Rfc1 Rfd8 21. Qb5 Ba6 22. Qxb6 axb6 23. a3 Rc7 24. b4 Bc8 25. Bf3 Rxc1+ 26. Rxc1 Bd7 27. Bd4 1-0

[Event "Scarborough Major 47th"]
[Site "Scarborough"]
[Date "2024.10.25"]
[Round "1.22"]
[White "Leigh, Dominic"]
[Black "Rothwell, James P"]
[Result "1/2-1/2"]
[WhiteElo "1727"]
[BlackElo "1831"]
[PlyCount "50"]
[EventDate "2024.10.25"]
[EventType "swiss"]
[EventRounds "5"]
[EventCountry "ENG"]
[SourceTitle "BritBase"]
[Source "John Saunders"]
[SourceDate "2024.12.27"]
[SourceVersion "1"]
[SourceVersionDate "2024.12.27"]
[SourceQuality "1"]

1. d4 Nf6 2. c4 c5 3. d5 b5 4. cxb5 a6 5. bxa6 g6 6. Nc3 Bxa6 7. e4 Bxf1 8. Kxf1 d6 9. Nf3 Bg7 10. g3 O-O 11. Kg2 Nbd7 12. a4 Qb6 13. Qe2 Rfb8 14. Nb5 Ne8 15. Ra3 Nc7 16. Nxc7 Qxc7 17. b3 c4 18. bxc4 Rb4 19. Bd2 Rxc4 20. a5 Rc2 21. Qe3 Bb2 22. Rb3 Nc5 23. Rb6 Nd7 24. Rb3 Nc5 25. Rb6 Nd7 1/2-1/2

[Event "Scarborough Major 47th"]
[Site "Scarborough"]
[Date "2024.10.25"]
[Round "1.23"]
[White "Webb, Nicholas"]
[Black "Sanger, Richard"]
[Result "1/2-1/2"]
[WhiteElo "1858"]
[BlackElo "1742"]
[PlyCount "60"]
[EventDate "2024.10.25"]
[EventType "swiss"]
[EventRounds "5"]
[EventCountry "ENG"]
[SourceTitle "BritBase"]
[Source "John Saunders"]
[SourceDate "2024.12.27"]
[SourceVersion "1"]
[SourceVersionDate "2024.12.27"]
[SourceQuality "1"]

1. Nf3 f5 2. d4 Nf6 3. Bg5 e6 4. e3 Be7 5. c4 O-O 6. Nc3 b6 7. Be2 Bb7 8. Qc2 Ne4 9. Bxe7 Qxe7 10. Rd1 Nxc3 11. Qxc3 d6 12. O-O Nd7 13. b4 c5 14. bxc5 dxc5 15. d5 exd5 16. cxd5 Rf6 17. Bc4 Rd6 18. Rfe1 a6 19. a4 Nf6 20. Qc2 g6 21. e4 fxe4 22. Ng5 Re8 23. Nxe4 Nxe4 24. f3 Qd7 25. fxe4 Re5 26. Rb1 Qe8 27. Bd3 Bxd5 28. a5 b5 29. Qxc5 Qe7 30. Qc8+ Kg7 1/2-1/2

[Event "Scarborough Major 47th"]
[Site "Scarborough"]
[Date "2024.10.25"]
[Round "1.24"]
[White "Fyson, Max"]
[Black "Wilson, Kevin J"]
[Result "0-1"]
[WhiteElo "1643"]
[BlackElo "1894"]
[PlyCount "94"]
[EventDate "2024.10.25"]
[EventType "swiss"]
[EventRounds "5"]
[EventCountry "ENG"]
[SourceTitle "BritBase"]
[Source "John Saunders"]
[SourceDate "2024.12.27"]
[SourceVersion "1"]
[SourceVersionDate "2024.12.27"]
[SourceQuality "1"]

1. d4 d5 2. c4 dxc4 3. e4 e5 4. Nf3 exd4 5. Bxc4 Nc6 6. Qb3 Be6 7. Bxe6 fxe6 8. O-O Qd7 9. Qxb7 Rb8 10. Qa6 Nf6 11. Nbd2 Be7 12. e5 Nd5 13. a3 O-O 14. Qd3 Nf4 15. Qe4 Qd5 16. Qxd5 exd5 17. b4 Nd3 18. Nb3 Ndxe5 19. Nbxd4 Nxd4 20. Nxe5 Bf6 21. Re1 Nc2 22. Bb2 Nxa1 23. Bxa1 Rfe8 24. f4 Rbc8 25. Bd4 Re6 26. Bxa7 Ra6 27. Bc5 Rxa3 28. Nc6 Kf7 29. Ne5+ Bxe5 30. Rxe5 c6 31. Rf5+ Kg8 32. g3 Ra2 33. Re5 Rc2 34. Re7 Rd2 35. Bd6 Ra8 36. Re1 Raa2 37. f5 Rg2+ 38. Kh1 Rxh2+ 39. Kg1 Rag2+ 40. Kf1 Rh1+ 41. Kxg2 Rxe1 42. Kf3 Re4 43. g4 Kf7 44. Kg3 h5 45. g5 Rg4+ 46. Kf3 Rxg5 47. Kf4 Rg4+ 0-1

[Event "Scarborough Major 47th"]
[Site "Scarborough"]
[Date "2024.10.26"]
[Round "2.1"]
[White "De Sousa Muachikape, Jael J"]
[Black "Bak, Andrew"]
[Result "1-0"]
[WhiteElo "1865"]
[BlackElo "1948"]
[PlyCount "147"]
[EventDate "2024.10.25"]
[EventType "swiss"]
[EventRounds "5"]
[EventCountry "ENG"]
[SourceTitle "BritBase"]
[Source "John Saunders"]
[SourceDate "2024.12.27"]
[SourceVersion "1"]
[SourceVersionDate "2024.12.27"]
[SourceQuality "1"]

1. d4 d5 2. c4 c6 3. cxd5 cxd5 4. Nc3 e5 5. dxe5 d4 6. Nb1 Qa5+ 7. Bd2 Qxe5 8. Nf3 Qd6 9. Na3 Bd7 10. Qb3 Qb6 11. Qxb6 axb6 12. Nc4 Be6 13. e3 dxe3 14. Bxe3 b5 15. Nb6 Bb4+ 16. Nd2 Rxa2 17. Bxb5+ Ke7 18. Rxa2 Bxa2 19. O-O Nf6 20. Ra1 Nd5 21. Rxa2 Nxe3 22. Nf3 Bc5 23. Na4 Rd8 24. fxe3 Bxe3+ 25. Kf1 Nc6 26. Nc3 f6 27. Ra4 Nd4 28. Nxd4 Bxd4 29. Rc4 Be5 30. Ke2 g5 31. h3 h5 32. b3 h4 33. Nd1 Rd5 34. Ba4 Bf4 35. Nc3 Rd2+ 36. Kf3 f5 37. Rc5 Kd6 38. b4 Rd3+ 39. Ke2 Rd2+ 40. Kf1 Be5 41. Nb5+ Ke6 42. Nc7+ Bxc7 43. Rxc7 g4 44. Rxb7 gxh3 45. gxh3 Rd3 46. Rc7 Rxh3 47. Rh7 Rh1+ 48. Kg2 Rb1 49. Rxh4 Ke5 50. Bc6 f4 51. Rh5+ Kd6 52. b5 Rb3 53. Rf5 Kc7 54. Rxf4 Kb6 55. Rf3 Rb4 56. Kf2 Rb2+ 57. Ke3 Rb4 58. Rf4 Rb1 59. Ke4 Rd1 60. Ke5 Re1+ 61. Kd5 Rd1+ 62. Rd4 Rh1 63. Re4 Rd1+ 64. Ke6 Rd2 65. Ke7 Rd1 66. Ke8 Kc7 67. Re7+ Kb6 68. Rb7+ Kc5 69. Rd7 Rb1 70. Kd8 Kb6 71. Rb7+ Kc5 72. Kc7 Rg1 73. Rb8 Rg7+ 74. Bd7 1-0

[Event "Scarborough Major 47th"]
[Site "Scarborough"]
[Date "2024.10.26"]
[Round "2.2"]
[White "Hall, James"]
[Black "Layhe, Simon"]
[Result "1/2-1/2"]
[WhiteElo "1824"]
[BlackElo "1867"]
[PlyCount "70"]
[EventDate "2024.10.25"]
[EventType "swiss"]
[EventRounds "5"]
[EventCountry "ENG"]
[SourceTitle "BritBase"]
[Source "John Saunders"]
[SourceDate "2024.12.27"]
[SourceVersion "1"]
[SourceVersionDate "2024.12.27"]
[SourceQuality "1"]

1. e4 c6 2. d4 d5 3. Nc3 dxe4 4. Bc4 e6 5. f3 Bb4 6. a3 Bxc3+ 7. bxc3 Nf6 8. fxe4 Nxe4 9. Qg4 Nf6 10. Qxg7 Rg8 11. Qh6 Qa5 12. Ne2 Rg6 13. Qh4 Nbd7 14. O-O Qh5 15. Qxh5 Nxh5 16. Bd3 f5 17. Nf4 Nxf4 18. Bxf4 Nf6 19. Rae1 Kf7 20. Bd6 Bd7 21. c4 Re8 22. c5 h5 23. Re2 h4 24. c4 h3 25. g3 Ng4 26. d5 exd5 27. cxd5 Rf6 28. Rb1 cxd5 29. Rxb7 Rxe2 30. Bxe2 Ke8 31. Rxa7 Re6 32. Bxg4 fxg4 33. Ra8+ Kf7 34. Rf8+ Kg6 35. Rf4 Re3 1/2-1/2

[Event "Scarborough Major 47th"]
[Site "Scarborough"]
[Date "2024.10.26"]
[Round "2.3"]
[White "Wilson, Kevin J"]
[Black "Brown, Tom"]
[Result "1/2-1/2"]
[WhiteElo "1894"]
[BlackElo "1940"]
[PlyCount "28"]
[EventDate "2024.10.25"]
[EventType "swiss"]
[EventRounds "5"]
[EventCountry "ENG"]
[SourceTitle "BritBase"]
[Source "John Saunders"]
[SourceDate "2024.12.27"]
[SourceVersion "1"]
[SourceVersionDate "2024.12.27"]
[SourceQuality "1"]

1. d4 d5 2. c4 dxc4 3. e4 Nf6 4. Nc3 e5 5. Be3 Ng4 6. Bxc4 Nxe3 7. fxe3 Bd6 8. Nf3 O-O 9. O-O Nd7 10. Qb3 Qe7 11. Nd5 Qd8 12. Nc3 Qe7 13. Nd5 Qd8 14. Nc3 Qe7 1/2-1/2

[Event "Scarborough Major 47th"]
[Site "Scarborough"]
[Date "2024.10.26"]
[Round "2.5"]
[White "Gartside, Carl"]
[Black "Mulleady, Peter J"]
[Result "1/2-1/2"]
[WhiteElo "1797"]
[BlackElo "1898"]
[PlyCount "57"]
[EventDate "2024.10.25"]
[EventType "swiss"]
[EventRounds "5"]
[EventCountry "ENG"]
[SourceTitle "BritBase"]
[Source "John Saunders"]
[SourceDate "2024.12.27"]
[SourceVersion "1"]
[SourceVersionDate "2024.12.27"]
[SourceQuality "1"]

1. Nc3 g6 2. d4 Bg7 3. e4 d6 4. Be3 a6 5. a4 Nd7 6. Nf3 Ngf6 7. h3 O-O 8. Be2 c6 9. O-O e5 10. dxe5 Nxe5 11. Nxe5 dxe5 12. Qxd8 Rxd8 13. Bc4 Re8 14. Rfd1 Bf8 15. f3 Nd7 16. a5 Bc5 17. Kf2 Kf8 18. Bxc5+ Nxc5 19. b4 Nd7 20. Na4 Ke7 21. Rd2 Rb8 22. c3 Nf8 {[=]} 23. Rad1 Be6 24. Nb2 Red8 25. Ke3 Rxd2 26. Rxd2 f6 27. h4 Rc8 28. Bxe6 Nxe6 29. Na4 1/2-1/2

[Event "Scarborough Major 47th"]
[Site "Scarborough"]
[Date "2024.10.26"]
[Round "2.6"]
[White "Graham, Oliver"]
[Black "Jaszkiwskyj, Peter"]
[Result "1/2-1/2"]
[WhiteElo "1818"]
[BlackElo "1855"]
[PlyCount "81"]
[EventDate "2024.10.25"]
[EventType "swiss"]
[EventRounds "5"]
[EventCountry "ENG"]
[SourceTitle "BritBase"]
[Source "John Saunders"]
[SourceDate "2024.12.27"]
[SourceVersion "1"]
[SourceVersionDate "2024.12.27"]
[SourceQuality "1"]

1. e4 e6 2. d4 d5 3. Nd2 Nf6 4. Bd3 c5 5. dxc5 Bxc5 6. exd5 Nxd5 7. Ne4 Be7 8. Nf3 Nd7 9. O-O N7f6 10. c3 O-O 11. Nd4 Nxe4 12. Bxe4 Nf6 13. Bf3 e5 14. Nc2 e4 15. Qxd8 Rxd8 16. Be2 b6 17. Be3 Bb7 18. Rfd1 Rxd1+ 19. Rxd1 Rd8 20. Rxd8+ Bxd8 21. Bg5 h6 22. Be3 Nd5 23. Bd4 Bg5 24. g3 Kf8 25. f4 Be7 26. Kf2 f5 27. Bc4 g6 28. Bxd5 Bxd5 29. b3 Bd6 30. c4 Be6 31. a4 Ke7 32. a5 Bc5 33. axb6 axb6 34. Bxc5+ bxc5 35. Ke3 Kd6 {[=]} 36. Kd2 Kc6 37. Kc3 Bf7 38. b4 Bg8 39. b5+ Kc7 40. Ne3 h5 41. Nc2 1/2-1/2